Statistiques concernant Dans quel album se trouve ce son - Damso

Cliquez ici pour prendre le quiz!

Statistiques générales

  • Ce quiz a été pris 283 fois
  • Le résultat moyen est 12 sur 15

Statistiques - réponses

QuestionRéponse% Correct
DEUX TOILES DE MER
96%
2 diamants
91%
Macarena
85%
60 années
85%
Périscope
85%
Smog
85%
BXL ZOO
84%
Kietu
83%
Débrouillard
82%
Nwaar Is The New Black
81%
Feu de bois
81%
BPM
80%
Quotidien de baisé
80%
Lové
68%
Tard la night
59%

Distribution des résultats

Percentile par nombre de réponses

% des personnes avec chaque résultat

Votre développement - résultats

Vous n’avez pas pris ce quiz